The attack on world poverty (Record no. 1446627)

MARC details
000 -LEADER
fixed length control field 00618nam a2200205Ia 4500
005 - DATE AND TIME OF LATEST TRANSACTION
control field 20250923145048.0
008 - FIXED-LENGTH DATA ELEMENTS--GENERAL INFORMATION
fixed length control field 008 250917s9999 xx 000 0 eng d
037 ## - SOURCE OF ACQUISITION
Stock number Textual
040 ## - CATALOGING SOURCE
Original cataloging agency DSWL
Language of cataloging eng
Transcribing agency DSWL
041 ## - LANGUAGE CODE
Language code of text/sound track or separate title eng
Source of code eng
084 ## - COLON CLASSIFICATION NUMBER
Classification number X:77.1(Y:434), N60
Assigning agency DSWL
100 ## - MAIN ENTRY--PERSONAL NAME
Personal name Shonfield, Andrew
9 (RLIN) 831403
245 #4 - TITLE STATEMENT
Title The attack on world poverty
Statement of responsibility, etc. by Andrew Shonfield
260 ## - PUBLICATION, DISTRIBUTION, ETC.
Place of publication, distribution, etc. New York
Name of publisher, distributor, etc. Vintage books a Division of Random House
Date of publication, distribution, etc. 1960
300 ## - PHYSICAL DESCRIPTION
Extent xvi,395p.
365 ## - TRADE PRICE
Price type code USD
Price amount 1.45
925 ## -
-- 1.45
942 ## - ADDED ENTRY ELEMENTS (KOHA)
Koha item type Textual
Classification part X:77.1(Y:434), N60
Holdings
Withdrawn status Lost status Damaged status Not for loan Home library Current library Date acquired Inventory number Total Checkouts Full call number Barcode Date last seen Price effective from Koha item type
        Department of Social Work Library Department of Social Work Library 2025-09-23 Gift   X:77.1(Y:434), N60 SW0012228 2025-09-23 2025-09-23 Textual
Copyright @ Delhi University Library System